000 00429nam a2200157Ia 4500
003 GCL
008 140319s9999 xx 000 0 eng d
040 _aGCL /
_cGCL
082 0 4 _a543.0858
_bB F
100 1 _aBANWELL, COLIN N.
245 1 0 _aFUNDAMENTALS OF MOLECULAR SPECTROSCOPY /
_cBANWELL, COLIN N.
260 _a[S.N] :
_bMC GRAW - HILL ،
_c1994
300 _a308 P
650 0 4 _aMOLECULAR SPECTROSCOPY
942 _2ddc
_cBK
999 _c23883
_d23883